000 00585nam a2200157 a 4500
008 120416s0000 ||||||||||||||||| || u
020 _a0688099998
050 _aHF 5549.12 Tra
100 _aTracy, Diarie
245 1 4 _aThe first book of common-sense management
246 _ahow to overcome managerial madness by finding the simple key to success
260 _aNew York
_bQuill
_c1989
300 _a157p.
350 _a0.00
995 _D0.00
_FCBU-MAIN LIBRARY (Kitwe)
_H1
_I7.70
_UAVAILABLE
_ZMain Library Open Access Collection
999 _c43540
_d43540